000 00598nam a2200241Ia 4500
003 OSt
005 20220918174512.0
006 a|||||r|||| 00| 0
007 ta
008 220917b |||||||| |||| 00| 0 eng d
024 _a12,543
037 _cTextual
040 _aARTS
_cARTS
_beng
041 _2eng
_aeng
082 _aMY65g, D5 PKD
100 _aLacy G H
_950734
245 0 _aAnglers' handbook for India rev by E Certin
250 _a4th
260 _c1905
650 _aINDUSTRIAL ARTS
942 _hMY65g, D5 PKD
_cTEXL
_2CC
999 _c153428
_d153428